000 00989nas a2200301 4500
001 BR2010003197
003 BR-BrBNA
005 20231205114115.0
007 ta
008 230509b bl.|||p| |||| 00| 00por d
040 _aBR-BrBNA
_bpor
_cBiblioteca Nacional de Agricultura
041 _a(Pt)
072 _aL02
100 1 _aRibeiro, E.G.
100 1 _aFontes, C.A. de A.
100 1 _aPalieraqui, J.G.B.
100 1 _aCóser, A.C.
100 1 _aMartins, C.E.
100 1 _aSilva, R.C. da
245 1 _aInfluência da irrigação, nas épocas seca e chuvosa, na produção e composição química dos capins napier e mombaça em sistema de lotação intermitente
650 _aGRAMÍNEA FORRAGEIRA
650 _aPASTAGEM
650 _aIRRIGAÇÃO
650 _aMATÉRIA SECA
773 0 _tRevista Brasileira de Zootecnia (Brazil)
_xISSN 1516-3598
_g(Aug 2009), v. 38(8) p. 1432-1442
_wBR2010003197
909 _a202311
_bLúcia
_c55
_dLúcia Elande
942 _2AGRIS
_n0
_cANA
999 _c207109
_d207109